|
|
|
|
| LEADER |
00000nab a2200000 a 4500 |
| 001 |
vtls000533777 |
| 003 |
SK-MaSNL |
| 005 |
20260304091706.0 |
| 008 |
250425c1994 xo 0 slo |
| 015 |
|
|
|a SNBRB19rr/mm-uuuuu
|
| 035 |
|
|
|a CL0533915
|
| 035 |
|
|
|a urn:nbn:sk:snk-abaldk
|
| 035 |
|
|
|a (urnnbn)urn:nbn:sk:snk:ar-0082p4
|
| 035 |
|
|
|a (uuid)0b3c77a0-b37c-4ad2-875f-62638722600a
|
| 040 |
|
|
|a SNKBUCL
|b slo
|c SNKBUCL
|e AACR2
|
| 041 |
0 |
|
|a slo
|
| 044 |
|
|
|a xo
|c SK
|
| 080 |
|
|
|a 165.62
|2 1981
|
| 100 |
1 |
|
|a Gálik, Slavomír
|4 aut
|9 11611
|
| 245 |
1 |
0 |
|a V náručí imaginácie
|c Slavomír Gálik
|
| 300 |
|
|
|b Fotogr. 1
|
| 650 |
0 |
7 |
|a imaginácia (psychológia)
|2 snkbucl
|9 28570
|
| 650 |
0 |
7 |
|a obraz básnický
|2 snkbucl
|9 1384429
|
| 650 |
0 |
7 |
|a fenomenológia
|2 snkbucl
|9 14875
|
| 655 |
|
7 |
|a články z novín a časopisov
|2 snkbucl
|9 267496
|
| 773 |
0 |
|
|t Literárny týždenník
|g Roč. 7, č. 46 (1994), s. 3
|x 0862-5999
|
| 850 |
|
|
|a Slovenská národná knižnica
|
| 852 |
|
|
|a Slovenská národná knižnica
|
| 954 |
|
|
|a odborná, vedecká literatúra pôvodná (slovenská)
|2 lita
|
| 958 |
|
|
|a article14
|
| 958 |
|
|
|a RK
|
| 958 |
|
|
|a OND
|
| 958 |
|
|
|a EUIPO
|
| 999 |
|
|
|c 2816371
|d 2818301
|